|
|
|
|
| LEADER |
01529nam a2200385Ia 4500 |
| 001 |
EBC589779 |
| 003 |
MiAaPQ |
| 005 |
20200520144314.0 |
| 006 |
m o d | |
| 007 |
cr cn||||||||| |
| 008 |
100421s2010 dcu sb 001 0 eng d |
| 010 |
|
|
|z 2010013110
|
| 020 |
|
|
|z 9780821381922
|
| 020 |
|
|
|a 9780821381939 (electronic bk.)
|
| 035 |
|
|
|a (MiAaPQ)EBC589779
|
| 035 |
|
|
|a (Au-PeEL)EBL589779
|
| 035 |
|
|
|a (CaPaEBR)ebr10386272
|
| 035 |
|
|
|a (CaONFJC)MIL265739
|
| 035 |
|
|
|a (OCoLC)811492909
|
| 040 |
|
|
|a MiAaPQ
|c MiAaPQ
|d MiAaPQ
|
| 050 |
|
4 |
|a HC59.72.T4
|b G56 2010
|
| 082 |
0 |
4 |
|a 303.48/33091724
|2 22
|
| 245 |
0 |
4 |
|a The global opportunity in IT-based services
|h [electronic resource] :
|b assessing and enhancing country competitiveness /
|c Randeep Sudan ... [et al.].
|
| 260 |
|
|
|a Washington, D.C. :
|b World Bank,
|c c2010.
|
| 300 |
|
|
|a xviii, 97 p.
|
| 504 |
|
|
|a Includes bibliographical references and index.
|
| 533 |
|
|
|a Electronic reproduction. Ann Arbor, MI : ProQuest, 2015. Available via World Wide Web. Access may be limited to ProQuest affiliated libraries.
|
| 650 |
|
0 |
|a Technological innovations
|x Economic aspects
|z Developing countries.
|
| 650 |
|
0 |
|a Service industries
|x Technological innovations
|z Developing countries.
|
| 650 |
|
0 |
|a Competition
|z Developing countries.
|
| 650 |
|
0 |
|a Commercial policy.
|
| 655 |
|
4 |
|a Electronic books.
|
| 700 |
1 |
|
|a Sudan, Randeep.
|
| 710 |
2 |
|
|a ProQuest (Firm)
|
| 856 |
4 |
0 |
|u https://ebookcentral.proquest.com/lib/matrademy/detail.action?docID=589779
|z Click to View
|